| 000 | 00950nam a2200217 i 4500 | ||
|---|---|---|---|
| 001 | 44457 | ||
| 003 | ES-MaACL | ||
| 005 | 20250901024353.0 | ||
| 007 | t| | ||
| 008 | 030321s1933 sp ||||1| spa d | ||
| 100 | 1 |
_aCeballos y Fernández de Córdoba, Luis, _d1896-1967 _937284 |
|
| 245 | 1 | 0 |
_aEstudio sobre la vegetación y la flora forestal de la provincia de Málaga / _ctrabajo que se publica como complemento al mapa forestal de la misma por Luis Ceballos y Carlos Vicioso ; prólogo de Joaquín Mª Castellarnau. |
| 260 |
_aMadrid : _bInstituto Forestal de Investigaciones y Experiencias, _c1933. |
||
| 300 |
_a2 v. : _bil. ; _c27 cm. |
||
| 650 | 4 |
_aBosques- _zMálaga. _9165494 |
|
| 700 | 1 |
_aVicioso, Carlos ( _d1886-1968) _9114383 |
|
| 700 | 1 |
_aCastellarnau, Joaquín María de, _d1848-1943 _9143533 |
|
| 710 | 2 |
_aInstituto Forestal de Investigaciones y Experiencias. _95059 |
|
| 852 |
_aES-MaACL _jA-3958 |
||
| 999 |
_c44457 _d44457 |
||